000
00323nam a22001337a 4500
020
_a
9789987609260
082
_a
346,022 NDI
100
_a
Nditi,Nicholas.n.n
245
_a
Contract law
250
_a
1ed
260
_a
Dar es salaam
_b
Nicholas nicholas Ngondo nditi,
_c
2004
300
_a
xxii,389pg
_b
ill.,21cm
942
_c
BK
999
_c
18158
_d
18158